000 00705nam a2200265Ia 4500
005 20260121170322.0
008 008 260114s9999 xx 000 0 eng d
020 _a9789811064609
037 _aEBOOK
040 _aCRL
040 _beng
040 _cCRL
041 _2eng
041 _aeng
084 _qCRL
100 _aVinod K. Kannaujiya, Shanthy Sundaram, Rajeshwar P. Sinha
_91062434
245 0 _aPhycobiliproteins: Recent Developments and Future Applications
260 _bSpringer
260 _bSpringer
260 _c2017
856 _uhttps://link.springer.com/openurl?genre=book&isbn=978-981-10-6460-9
942 _cEBOOK
999 _c1628163
_d1628163